Państwa z największą liczbą katedr - Statystyki

Ogólne statystyki
  • Ten quiz został rozwiązany 31 razy
  • Średni wynik to 16 z 20
Statystyki odpowiedzi
# Państwo % Poprawnych
183 Francja
100%
62 Polska
100%
223 Stany Zjednoczone
100%
405 Włochy
100%
89 Hiszpania
97%
280 Brazylia
93%
93 Meksyk
93%
69 Argentyna
90%
29 Niemcy
90%
42 Wielka Brytania
90%
68 Kanada
86%
80 Kolumbia
79%
39 Wenezuela
76%
30 Australia
72%
71 Chiny
69%
34 Peru
62%
192 Indie
59%
54 Nigeria
52%
89 Filipiny
41%
37 Indonezja
41%
Nie znaleziono quizów pasujących do podanych kryteriów
Rozkład punktacji
Procent ludzi z każdym wynikiem
Percentyl według liczby udzielonych odpowiedzi
Twoja historia wyników
Nie rozwiązałeś tego quizu